书目信息 |
| 题名: |
植物营养与肥料
|
|
| 作者: | ;浙江农业大学 | |
| 分册: | ||
| 出版信息: | 北京 中国农业出版社 1991 |
|
| 页数: | 290 | |
| 开本: | 20cm | |
| 丛书名: | ||
| 单 册: | ||
| 中图分类: | Q945.1 | |
| 科图分类: | ||
| 主题词: | 植物生物学 | |
| 电子资源: | ||
| ISBN: | 7-109-01742-7 | |
| 000 | 00541nam0 2200181 450 | |
| 001 | 0741144344 | |
| 005 | 20070817112544.34 | |
| 010 | @a7-109-01742-7@d¥22.20 | |
| 100 | @a20070817d km y0chiy0120 ea | |
| 101 | 0 | @achi |
| 200 | 1 | @a植物营养与肥料@Azhi wu ying yang yu fei liao@f浙江农业大学@Fzhe jiang nong ye da xue |
| 210 | @a北京@c中国农业出版社@d1991 | |
| 215 | @a290@d20cm | |
| 606 | 0 | @a植物生物学 |
| 690 | @aQ945.1@v3 | |
| 711 | 02 | @a浙江农业大学@Azhe jiang nong ye da xue |
| 801 | 0 | @aCN@bPFT@c20070817 |
| 905 | @a213230@dQ945.1@en1@f1 | |
| 植物营养与肥料/浙江农业大学.-北京:中国农业出版社,1991 |
| 290;20cm |
| ISBN 7-109-01742-7:¥22.20 |
| ● |
| 相关链接 |
|
|
|
|
正题名:植物营养与肥料
索取号:Q945.1/n1
 
预约/预借
| 序号 | 登录号 | 条形码 | 馆藏地/架位号 | 状态 | 备注 |
| 1 | 6600380 | 266003807 | 密集书库-生命科学系/ [索取号:Q945.1/n1] | 在馆 |